[Event "Bunratty Masters 2019"]
[Site "Bunratty IRL"]
[Date "2019.02.23"]
[Round "4.15"]
[White "Steil-Antoni, Fiona"]
[Black "Doyle, Hugh"]
[Result "1-0"]
[WhiteTitle "WIM"]
[WhiteElo "2166"]
[BlackElo "2040"]
[WhiteICU "2139"]
[BlackICU "2022"]
[WhiteClub "Gonzaga"]
[BlackClub "Cork"]
[WhiteNationality "LUX"]
[BlackNationality "IRL"]
[WhiteFideId "4001249"]
[BlackFideId "2500876"]
[PlyCount "71"]
[EventDate "2019.02.22"]
[Source "Live boards / tournament organizers"]

{ Event information: <a
href="https://www.irlchess.com/bunratty2019_allfiles/pairings_bunratty2019.html">Tournament
report</a>. }

1. e4 d6 2. d4 Nf6 3. Bd3 g6 4. f4 d5 5. e5 Ng4 6. f5 gxf5 7. h3 Nh6 8. Qh5
Ng8 9. Bxf5 Bxf5 10. Qxf5 e6 11. Qh5 c5 12. Nf3 Bg7 13. O-O Qd7 14. Nc3 h6
15. dxc5 a6 16. Be3 Nc6 17. Na4 Qc7 18. Nb6 Rd8 19. Nd4 Nxd4 20. Bxd4 Rh7
21. Rf3 Bf8 22. b4 Ne7 23. Raf1 Ng6 24. Rxf7 Rxf7 25. Qxg6 Bg7 26. Qxe6+
Qe7 27. Qg6 Kf8 28. Rd1 Bxe5 29. Qxh6+ Kg8 30. Bxe5 Qxe5 31. Qh4 Qe3+ 32.
Kh1 Rdf8 33. Qg4+ Kh7 34. Qh5+ Kg7 35. Qg4+ Kh7 36. Qd4 1-0

[Event "Bunratty Masters 2019"]
[Site "Bunratty IRL"]
[Date "2019.02.23"]
[Round "4.16"]
[White "Horvath, Gabor"]
[Black "Pein, Jonathan"]
[Result "1-0"]
[WhiteTitle "FM"]
[WhiteElo "2252"]
[BlackElo "2126"]
[WhiteICU "2074"]
[WhiteClub "Galway"]
[BlackClub "Hendon ENG"]
[WhiteNationality "HUN"]
[BlackNationality "ENG"]
[WhiteFideId "720003"]
[BlackFideId "417092"]
[PlyCount "75"]
[EventDate "2019.02.22"]
[Source "Live boards / tournament organizers"]
[WhiteFullName "Horv&aacute;th, G&aacute;bor"]

{ Event information: <a
href="https://www.irlchess.com/bunratty2019_allfiles/pairings_bunratty2019.html">Tournament
report</a>. }

1. e4 g6 2. d4 Bg7 3. Nf3 d6 4. Bc4 e6 5. Bb3 Nd7 6. O-O Ne7 7. Re1 O-O 8.
Nbd2 b6 9. Nf1 Bb7 10. Ng3 h6 11. c3 c5 12. Be3 a6 13. Qd2 Kh7 14. Rad1 Nf6
15. Bf4 b5 16. dxc5 dxc5 17. Qxd8 Rfxd8 18. Bd6 Nc6 19. Bxc5 Na5 20. Rxd8
Rxd8 21. Bb6 Nxb3 22. Bxd8 Nc5 23. Bxf6 Bxf6 24. Re2 h5 25. e5 Be7 26. Nd2
Nd3 27. Nb3 h4 28. Nf1 Bg5 29. Ne3 Nxe5 30. h3 Kg8 31. Nc5 Bc8 32. Ng4 Nc4
33. Ne5 Nb6 34. Nc6 Kf8 35. Na7 Be7 36. Nxc8 Bxc5 37. Nxb6 Bxb6 38. Rd2 1-0

[Event "Bunratty Masters 2019"]
[Site "Bunratty IRL"]
[Date "2019.02.23"]
[Round "4.17"]
[White "Machin, Guillaume"]
[Black "Melaugh, Gavin"]
[Result "1-0"]
[WhiteTitle "CM"]
[WhiteElo "2159"]
[BlackElo "2078"]
[BlackICU "2038"]
[WhiteClub "Rueil Malmaison FRA"]
[BlackClub "Elm Mount"]
[WhiteNationality "FRA"]
[BlackNationality "IRL"]
[WhiteFideId "616648"]
[BlackFideId "2509571"]
[PlyCount "67"]
[EventDate "2019.02.22"]
[Source "Live boards / tournament organizers"]

{ Event information: <a
href="https://www.irlchess.com/bunratty2019_allfiles/pairings_bunratty2019.html">Tournament
report</a>. }

1. Nf3 d6 2. c4 f5 3. e3 Nf6 4. b3 e6 5. Bb2 Be7 6. Nc3 O-O 7. Be2 e5 8. d4
e4 9. Nd2 Nc6 10. a3 a5 11. Qc2 Kh8 12. f3 exf3 13. Bxf3 f4 14. d5 fxe3 15.
dxc6 exd2+ 16. Qxd2 bxc6 17. O-O Bb7 18. Na4 d5 19. c5 Ba6 20. Rfe1 Bb5 21.
Rac1 Nd7 22. Bd4 Bh4 23. Nc3 Bxe1 24. Qxe1 Qg5 25. h4 Qf4 26. Nxb5 cxb5 27.
Qc3 Qf7 28. h5 Kg8 29. h6 gxh6 30. Bg4 Nf6 31. Rf1 Ra6 32. c6 Ne4 33. Rxf7
Nxc3 34. Rg7+ 1-0

[Event "Bunratty Masters 2019"]
[Site "Bunratty IRL"]
[Date "2019.02.23"]
[Round "4.18"]
[White "Walton, Alan J."]
[Black "Fox, Anthony"]
[Result "1/2-1/2"]
[WhiteTitle "CM"]
[WhiteElo "2140"]
[BlackElo "2041"]
[BlackICU "2027"]
[WhiteClub "3Cs ENG"]
[BlackClub "Dun Laoghaire"]
[WhiteNationality "ENG"]
[BlackNationality "IRL"]
[WhiteFideId "409898"]
[BlackFideId "2500736"]
[PlyCount "105"]
[EventDate "2019.02.22"]
[Source "Live boards / tournament organizers"]

{ Event information: <a
href="https://www.irlchess.com/bunratty2019_allfiles/pairings_bunratty2019.html">Tournament
report</a>. }

1. d4 d5 2. c4 e6 3. Nc3 Nf6 4. cxd5 exd5 5. Bg5 c6 6. Qc2 h6 7. Bh4 g6 8.
e3 Bf5 9. Bd3 Bxd3 10. Qxd3 Nbd7 11. Nge2 Bg7 12. O-O O-O 13. f3 Nb6 14. b3
Qd7 15. Rae1 a5 16. a4 Rae8 17. h3 Na8 18. e4 Nc7 19. e5 Nh7 20. f4 Kh8 21.
Nd1 f5 22. exf6 Bxf6 23. Bg3 Kg7 24. f5 g5 25. Ne3 h5 26. Qc3 Na6 27. Be5
Nb4 28. Ng3 Kh6 29. Nc2 Nxc2 30. Qxc2 h4 31. Nh1 Kg7 32. g4 Rf7 33. Nf2
Rfe7 34. Nd3 b6 35. Qd2 Kh6 36. Bxf6 Nxf6 37. Ne5 Qd6 38. Qh2 Qc7 39. Qc2
c5 40. Rc1 Rxe5 41. dxe5 Qxe5 42. Rf3 d4 43. Qc4 Re7 44. Rcf1 Qc7 45. Qc1
Re2 46. R1f2 Rxf2 47. Rxf2 Qg3+ 48. Rg2 Qxh3 49. Qc4 Qe3+ 50. Kf1 Qf3+ 51.
Kg1 Qe3+ 52. Kf1 Qf3+ 53. Kg1 1/2-1/2

[Event "Bunratty Masters 2019"]
[Site "Bunratty IRL"]
[Date "2019.02.23"]
[Round "4.19"]
[White "Delaney, Killian"]
[Black "Fegan, Chris"]
[Result "0-1"]
[WhiteElo "2234"]
[BlackElo "2024"]
[WhiteICU "2221"]
[WhiteClub "Gonzaga"]
[BlackClub "4NCL C.S.C. ENG"]
[WhiteNationality "IRL"]
[BlackNationality "ENG"]
[WhiteFideId "2501570"]
[BlackFideId "410047"]
[PlyCount "84"]
[EventDate "2019.02.22"]
[Source "Live boards / tournament organizers"]

{ Event information: <a
href="https://www.irlchess.com/bunratty2019_allfiles/pairings_bunratty2019.html">Tournament
report</a>. }

1. d4 d5 2. Bf4 Nf6 3. e3 e6 4. Nd2 Bd6 5. Bg3 c5 6. c3 Nc6 7. Ngf3 Nh5 8.
Bh4 Be7 9. Bxe7 Qxe7 10. Bb5 O-O 11. O-O Nf6 12. Re1 Bd7 13. Bd3 Rfe8 14.
dxc5 e5 15. e4 Qxc5 16. Nb3 Qd6 17. exd5 Qxd5 18. c4 Qe6 19. Nc5 Qe7 20.
Nxd7 Qxd7 21. Bc2 Qg4 22. h3 Qxc4 23. Bb3 Qf4 24. Bxf7+ Kxf7 25. Qb3+ Kf8
26. Qxb7 e4 27. Qxc6 exf3 28. Rxe8+ Rxe8 29. Qc5+ Re7 30. Rd1 fxg2 31. b4
Qf3 32. Re1 Ne4 33. Qe3 Qxe3 34. Rxe3 Nf6 35. Ra3 Nd5 36. b5 Nf4 37. Re3
Rxe3 38. fxe3 Nxh3+ 39. Kxg2 Ng5 40. a4 Ke7 41. a5 Kd6 42. Kg3 Ke5 0-1

[Event "Bunratty Masters 2019"]
[Site "Bunratty IRL"]
[Date "2019.02.23"]
[Round "4.20"]
[White "Fehr, Jukka"]
[Black "Rawlinson, Aidan"]
[Result "0-1"]
[WhiteElo "1976"]
[BlackElo "2145"]
[WhiteClub "JoeSK FIN"]
[BlackClub "Greater Manchester ENG"]
[WhiteNationality "FIN"]
[BlackNationality "ENG"]
[WhiteFideId "4674693"]
[BlackFideId "413496"]
[PlyCount "82"]
[EventDate "2019.02.22"]
[Source "Live boards / tournament organizers"]

{ Event information: <a
href="https://www.irlchess.com/bunratty2019_allfiles/pairings_bunratty2019.html">Tournament
report</a>. }

1. d4 g6 2. c4 Bg7 3. Nc3 Nf6 4. e4 d6 5. Nf3 O-O 6. Be2 e5 7. O-O Nc6 8.
d5 Ne7 9. b4 Nh5 10. g3 f5 11. Ng5 Nf6 12. Bf3 c6 13. Bg2 h6 14. Ne6 Bxe6
15. dxe6 Nxe4 16. Nxe4 fxe4 17. b5 Rf6 18. Ba3 Rxe6 19. Qb3 Nf5 20. bxc6
bxc6 21. Bxe4 Nd4 22. Qd1 Rb8 23. Rb1 Rxb1 24. Qxb1 d5 25. cxd5 cxd5 26.
Bg2 Qa5 27. Bb4 Qb5 28. a4 Qc4 29. a5 e4 30. Kh1 Nb3 31. Bh3 Re8 32. Be1 d4
33. f3 d3 34. fxe4 d2 35. Bf2 Rxe4 36. Bg2 Re6 37. Bxa7 Kh7 38. Bf2 Nc1 39.
Kg1 Qxf1+ 40. Bxf1 d1=Q 41. a6 Ne2+ 0-1

[Event "Bunratty Masters 2019"]
[Site "Bunratty IRL"]
[Date "2019.02.23"]
[Round "4.21"]
[White "Wolferink, Frans"]
[Black "Flynn, Jacob"]
[Result "1-0"]
[WhiteElo "2086"]
[BlackElo "1991"]
[BlackICU "1963"]
[BlackClub "Malahide"]
[WhiteNationality "NED"]
[BlackNationality "IRL"]
[WhiteFideId "1003917"]
[BlackFideId "2509393"]
[PlyCount "67"]
[EventDate "2019.02.22"]
[Source "Live boards / tournament organizers"]

{ Event information: <a
href="https://www.irlchess.com/bunratty2019_allfiles/pairings_bunratty2019.html">Tournament
report</a>. }

1. e4 c5 2. Nf3 e6 3. d4 cxd4 4. Nxd4 a6 5. Nc3 Qc7 6. g3 b5 7. Bg2 Bb7 8.
O-O d6 9. Re1 Nd7 10. Bg5 Ngf6 11. a4 b4 12. Nd5 exd5 13. exd5+ Kd8 14. Qe2
Kc8 15. Qe8+ Qd8 16. Qxf7 Ne5 17. Qe6+ Qd7 18. f4 Qxe6 19. Nxe6 Ng6 20.
Bxf6 gxf6 21. a5 Kb8 22. Ra4 Ka7 23. Rxb4 Rc8 24. c4 Bh6 25. b3 Nf8 26. Nd4
Nd7 27. Bh3 Rcd8 28. Re7 Nc5 29. Nc6+ Ka8 30. Nxd8 Rxd8 31. Rxh7 Bf8 32.
Rf7 Re8 33. Bf5 Be7 34. Bg6 1-0

[Event "Bunratty Masters 2019"]
[Site "Bunratty IRL"]
[Date "2019.02.23"]
[Round "4.22"]
[White "Melaugh, Shane"]
[Black "Nettleton, Charlie B."]
[Result "1-0"]
[WhiteElo "2118"]
[BlackElo "2064"]
[WhiteICU "2122"]
[WhiteClub "Elm Mount"]
[BlackClub "Uxbridge ENG"]
[WhiteNationality "IRL"]
[BlackNationality "ENG"]
[WhiteFideId "2509580"]
[BlackFideId "419710"]
[PlyCount "67"]
[EventDate "2019.02.22"]
[Source "Live boards / tournament organizers"]

{ Event information: <a
href="https://www.irlchess.com/bunratty2019_allfiles/pairings_bunratty2019.html">Tournament
report</a>. }

1. c4 b6 2. Nc3 Bb7 3. e4 e6 4. d4 Bb4 5. Bd3 f5 6. Qh5+ g6 7. Qe2 Nf6 8.
f3 Nc6 9. d5 Nd4 10. Qf2 fxe4 11. fxe4 Bc5 12. Qh4 O-O 13. Bg5 e5 14. O-O-O
Be7 15. Nh3 d6 16. Rdf1 Bc8 17. Rhg1 b5 18. cxb5 a6 19. Rf2 Bxh3 20. gxh3
axb5 21. Rgf1 b4 22. Nb1 Rxa2 23. Bxf6 Bxf6 24. Rxf6 Rxf6 25. Rxf6 Qe8 26.
Qh6 Nb3+ 27. Kc2 Nd4+ 28. Kc1 Nb3+ 29. Kd1 Rxb2 30. Ke1 Rxh2 31. Bb5 Rh1+
32. Kf2 Qe7 33. Qg5 Qg7 34. Rf3 1-0

[Event "Bunratty Masters 2019"]
[Site "Bunratty IRL"]
[Date "2019.02.23"]
[Round "4.23"]
[White "McDonnell, James J."]
[Black "Artola Pola, Gerardo"]
[Result "0-1"]
[WhiteElo "1825"]
[BlackElo "1975"]
[WhiteICU "2005"]
[BlackICU "1982"]
[WhiteClub "Steatham ENG"]
[BlackClub "Dublin"]
[WhiteNationality "IRL"]
[BlackNationality "ARG"]
[WhiteFideId "2500787"]
[BlackFideId "150878"]
[PlyCount "86"]
[EventDate "2019.02.22"]
[Source "Live boards / tournament organizers"]

{ Event information: <a
href="https://www.irlchess.com/bunratty2019_allfiles/pairings_bunratty2019.html">Tournament
report</a>. }

1. e4 d6 2. d4 Nf6 3. Nc3 g6 4. f4 Bg7 5. Nf3 c5 6. dxc5 Qa5 7. Bd3 Qxc5 8.
Qe2 Bg4 9. Be3 Qa5 10. O-O Nc6 11. h3 Bxf3 12. Qxf3 O-O 13. a3 Nd7 14. Bd2
Qd8 15. Kh1 a6 16. Rae1 b5 17. b4 Rc8 18. Nd5 e6 19. Ne3 Nd4 20. Qd1 f5 21.
exf5 gxf5 22. c3 Nc6 23. Qb3 d5 24. Nc2 Qf6 25. Re2 Nb6 26. Rfe1 Nc4 27.
Bxc4 dxc4 28. Qb2 Rfe8 29. Ne3 e5 30. Nd1 e4 31. Be3 Red8 32. Bd2 Rd6 33.
Qc2 Rcd8 34. Be3 Rd3 35. Bc5 Qh4 36. Be3 Ne7 37. Kh2 Nd5 38. g3 Qh5 39. Bd4
Nxf4 40. Re3 Qxh3+ 41. Kg1 Bxd4 42. gxf4 Bxe3+ 43. Nxe3 Rd2 0-1

[Event "Bunratty Masters 2019"]
[Site "Bunratty IRL"]
[Date "2019.02.23"]
[Round "4.24"]
[White "Moran, Stephen"]
[Black "Byrne, Alex"]
[Result "1-0"]
[WhiteElo "2155"]
[BlackElo "1967"]
[WhiteICU "2145"]
[BlackICU "1961"]
[WhiteClub "T.C.D."]
[BlackClub "St. Benildus"]
[WhiteNationality "IRL"]
[BlackNationality "IRL"]
[WhiteFideId "2501872"]
[BlackFideId "2508788"]
[PlyCount "115"]
[EventDate "2019.02.22"]
[Source "Live boards / tournament organizers"]

{ Event information: <a
href="https://www.irlchess.com/bunratty2019_allfiles/pairings_bunratty2019.html">Tournament
report</a>. }

1. d4 d6 2. e4 Nf6 3. f3 g6 4. c4 Bg7 5. Nc3 c5 6. dxc5 dxc5 7. Qxd8+ Kxd8
8. Be3 Nfd7 9. Nge2 b6 10. O-O-O Ba6 11. b3 e6 12. f4 Nc6 13. e5 g5 14. g3
Bb7 15. Bg2 gxf4 16. gxf4 f6 17. Rd6 Bf8 18. Bxc6 Bxd6 19. Bxb7 Rb8 20. Bc6
Nxe5 21. fxe5 Bxe5 22. Bf4 Kc7 23. Bxe5+ fxe5 24. Bg2 a6 25. Bh3 Kd6 26.
Ng3 Rhg8 27. Rd1+ Ke7 28. Re1 Rg5 29. Nce4 Rg6 30. Bf1 Rd8 31. h4 h6 32.
Re3 Rg4 33. h5 Rh4 34. Kc2 Rd4 35. Bd3 Rh2+ 36. Re2 Rh3 37. Rf2 Rd8 38. Kd2
Rh4 39. Ke3 Rf4 40. Bc2 Rxf2 41. Nxf2 Rg8 42. Bg6 Rd8 43. Nd3 a5 44. a4 Rd4
45. Ne4 Rd8 46. Ke2 Kf8 47. Nxe5 Kg7 48. Nd3 Rc8 49. Nf4 Rc6 50. Ke3 Kf8
51. Nc3 Ke7 52. Be4 Rc8 53. Nb5 Kf6 54. Bf3 Rd8 55. Nc7 e5 56. Ncd5+ Kf5
57. Ne7+ Kf6 58. Nfd5+ 1-0

[Event "Bunratty Masters 2019"]
[Site "Bunratty IRL"]
[Date "2019.02.24"]
[Round "5.1"]
[White "McShane, Luke"]
[Black "Turner, Matthew"]
[Result "1-0"]
[WhiteTitle "GM"]
[BlackTitle "GM"]
[WhiteElo "2663"]
[BlackElo "2519"]
[WhiteClub "Wood Green ENG"]
[BlackClub "Barbican ENG"]
[WhiteNationality "ENG"]
[BlackNationality "SCO"]
[WhiteFideId "404853"]
[BlackFideId "402893"]
[PlyCount "143"]
[EventDate "2019.02.22"]
[Source "Live boards / tournament organizers"]
[ICUid "48723"]

{ Annotator: "TA", <a
href="https://en.chessbase.com/post/bunratty-chess-festival-2019">ChessBase.com</a>,
February 26, 2019. } { Event information: <a
href="https://www.irlchess.com/bunratty2019_allfiles/pairings_bunratty2019.html">Tournament
report</a>. }

1. e4 e5 2. Nf3 Nc6 3. Bc4 Bc5 4. O-O Nf6 5. d3 d6 6. c3 Bb6 7. a4 h6 8.
Nbd2 a6 9. b4 O-O 10. Ra2 Ne7 11. Re1 Ng6 12. d4 exd4 13. cxd4 Re8 14. Bf1
Bg4 15. Qc2 Qe7 16. h3 Bxf3 17. Nxf3 Nxe4 18. a5 Ba7 19. b5 axb5 20. a6
bxa6 21. Rxa6 d5 22. Bxb5 Bb6 23. Rxa8 Rxa8 24. Bc6 Rd8 25. Bxd5 Rxd5 26.
Rxe4 Qd7 27. Qc4 Qb5 28. Qa2 Rd8 29. Be3 Qd5 30. Re8+ Kh7 31. Qxd5 Rxd5 32.
Kf1 Rd7 33. g3 f6 34. Ke2 Ne7 35. g4 Kg6 36. Ra8 h5 37. gxh5+ Kf7 38. Ra4
Nf5 39. Rc4 Ke6 40. Rc1 Rd5 41. Rg1 Kf7 42. h6 gxh6 43. Kd3 h5 44. Ke4 Ke6
45. Rg6 Nd6+ 46. Kd3 c5 47. Rg1 cxd4 48. Bd2 Rb5 49. Ke2 Ne4 50. Rg8 Rb3
51. Be1 d3+ 52. Kf1 Rb1 53. Re8+ Kf5 54. Rxe4 Bxf2 55. Kxf2 Rb2+ 56. Nd2
Rxd2+ 57. Bxd2 Kxe4 58. Kg3 h4+ 59. Kf2 f5 60. Bc1 Kd4 61. Bg5 Kc3 62. Ke1
Kc2 63. Bd2 Kb3 64. Kd1 Kc4 65. Bg5 Kd4 66. Kd2 Ke4 67. Bxh4 f4 68. Be1 Kd4
69. Bf2+ Ke4 70. Bb6 Kf3 71. h4 Kg4 72. Bf2 1-0

[Event "Bunratty Masters 2019"]
[Site "Bunratty IRL"]
[Date "2019.02.24"]
[Round "5.2"]
[White "Short, Nigel"]
[Black "Hebden, Mark"]
[Result "1/2-1/2"]
[WhiteTitle "GM"]
[BlackTitle "GM"]
[WhiteElo "2648"]
[BlackElo "2417"]
[WhiteClub "Guildford ENG"]
[BlackClub "Syston ENG"]
[WhiteNationality "ENG"]
[BlackNationality "ENG"]
[WhiteFideId "400025"]
[BlackFideId "400084"]
[PlyCount "112"]
[EventDate "2019.02.22"]
[Source "Live boards / tournament organizers"]
[ICUid "48726"]

{ Annotator: "TA", <a
href="https://en.chessbase.com/post/bunratty-chess-festival-2019">ChessBase.com</a>,
February 26, 2019. } { Event information: <a
href="https://www.irlchess.com/bunratty2019_allfiles/pairings_bunratty2019.html">Tournament
report</a>. }

1. d4 Nf6 2. Bg5 d5 3. e3 Ne4 4. Bf4 c5 5. Bd3 Nf6 6. Nc3 a6 7. h3 Nc6 8.
Nf3 e6 9. O-O b5 10. a3 Bb7 11. Re1 Rc8 12. dxc5 Bxc5 13. e4 dxe4 14. Nxe4
Be7 15. c3 Nxe4 16. Bxe4 Qxd1 17. Raxd1 Na5 18. Bxb7 Nxb7 19. b4 Bf6 20.
Ne5 Bxe5 21. Bxe5 f6 22. Bd4 Kf7 23. f4 Rhd8 24. a4 Rd5 25. axb5 axb5 26.
Ra1 Rc7 27. Ra6 Rd6 28. Rea1 Rcd7 29. g4 h6 30. h4 h5 31. gxh5 Rd5 32. Ra8
Rxh5 33. R1a7 Kg6 34. Rb8 Rxd4 35. cxd4 Nd6 36. Rd7 Nf5 37. Rxb5 Rxh4 38.
Rbb7 Rxf4 39. b5 Nxd4 40. Rxg7+ Kf5 41. b6 Ne2+ 42. Kg2 Rb4 43. Rb8 Nf4+
44. Kf2 Rb2+ 45. Ke1 e5 46. b7 Nd3+ 47. Kf1 Nc5 48. Rf7 Ke4 49. Rxf6 Rxb7
50. Rxb7 Nxb7 51. Ke2 Nc5 52. Rh6 Nd3 53. Rh4+ Nf4+ 54. Kf2 Kd3 55. Rh1 Ne6
56. Rd1+ Ke4 1/2-1/2

[Event "Bunratty Masters 2019"]
[Site "Bunratty IRL"]
[Date "2019.02.24"]
[Round "5.3"]
[White "Lopez, Alex"]
[Black "Hunt, Adam"]
[Result "1/2-1/2"]
[WhiteTitle "IM"]
[BlackTitle "IM"]
[WhiteElo "2427"]
[BlackElo "2397"]
[WhiteICU "2464"]
[WhiteClub "Cork"]
[BlackClub "Blackthorne Russia ENG"]
[WhiteNationality "IRL"]
[BlackNationality "ENG"]
[WhiteFideId "2501430"]
[BlackFideId "403970"]
[PlyCount "87"]
[EventDate "2019.02.22"]
[Source "Live boards / tournament organizers"]
[ICUid "48722"]

{ Annotator: "TA", <a
href="https://en.chessbase.com/post/bunratty-chess-festival-2019">ChessBase.com</a>,
February 26, 2019. } { Event information: <a
href="https://www.irlchess.com/bunratty2019_allfiles/pairings_bunratty2019.html">Tournament
report</a>. }

1. c4 g6 2. g3 Bg7 3. Bg2 d6 4. Nf3 Nf6 5. d4 O-O 6. O-O Nc6 7. b3 a6 8.
Bb2 Rb8 9. d5 Na5 10. e4 c5 11. e5 Nd7 12. Re1 Nxe5 13. Nxe5 dxe5 14. Bxe5
Bxe5 15. Rxe5 Nc6 16. Re1 Nd4 17. Nd2 Bf5 18. g4 Bd7 19. h3 Re8 20. Nf3
Nxf3+ 21. Qxf3 Qc7 22. Re4 Qd6 23. Rae1 b6 24. Re5 e6 25. Qg3 Kg7 26. f4 f6
27. R5e3 exd5 28. Bxd5 Rxe3 29. Rxe3 Re8 30. g5 fxg5 31. fxg5 Qxg3+ 32.
Rxg3 Re2 33. Rg2 Re5 34. h4 h6 35. Kf2 hxg5 36. hxg5 Kf8 37. Kf3 Ke7 38.
Rg1 Kd6 39. Kf4 Rf5+ 40. Ke3 Re5+ 41. Kf4 Rf5+ 42. Ke3 Re5+ 43. Kf4 Rf5+
44. Ke4 1/2-1/2

[Event "Bunratty Masters 2019"]
[Site "Bunratty IRL"]
[Date "2019.02.24"]
[Round "5.4"]
[White "Williams, Simon"]
[Black "Bates, Richard"]
[Result "1/2-1/2"]
[WhiteTitle "GM"]
[BlackTitle "IM"]
[WhiteElo "2471"]
[BlackElo "2351"]
[WhiteClub "Cheddleton ENG"]
[BlackClub "Hackney ENG"]
[WhiteNationality "ENG"]
[BlackNationality "ENG"]
[WhiteFideId "468533"]
[BlackFideId "403555"]
[PlyCount "33"]
[EventDate "2019.02.22"]
[Source "Live boards / tournament organizers"]
[ICUid "48721"]

{ Annotator: "TA", <a
href="https://en.chessbase.com/post/bunratty-chess-festival-2019">ChessBase.com</a>,
February 26, 2019. } { Event information: <a
href="https://www.irlchess.com/bunratty2019_allfiles/pairings_bunratty2019.html">Tournament
report</a>. }

1. d4 Nf6 2. c4 e6 3. Nf3 Bb4+ 4. Nbd2 O-O 5. a3 Bxd2+ 6. Bxd2 d6 7. Qc2
Qe7 8. Bc3 Nc6 9. e3 a5 10. h3 e5 11. Be2 Re8 12. dxe5 dxe5 13. b3 b6 14.
O-O Bb7 15. Nd2 Nd4 16. exd4 exd4 17. Bf3 1/2-1/2

[Event "Bunratty Masters 2019"]
[Site "Bunratty IRL"]
[Date "2019.02.24"]
[Round "5.5"]
[White "Wells, Peter"]
[Black "Fitzsimons, David"]
[Result "1/2-1/2"]
[WhiteTitle "GM"]
[BlackTitle "IM"]
[WhiteElo "2415"]
[BlackElo "2301"]
[BlackICU "2314"]
[WhiteClub "White Rose ENG"]
[BlackClub "Elm Mount"]
[WhiteNationality "ENG"]
[BlackNationality "IRL"]
[WhiteFideId "400327"]
[BlackFideId "2501961"]
[PlyCount "79"]
[EventDate "2019.02.22"]
[Source "Live boards / tournament organizers"]
[ICUid "48724"]

{ Annotator: "TA", <a
href="https://en.chessbase.com/post/bunratty-chess-festival-2019">ChessBase.com</a>,
February 26, 2019. } { Event information: <a
href="https://www.irlchess.com/bunratty2019_allfiles/pairings_bunratty2019.html">Tournament
report</a>. }

1. d4 Nf6 2. c4 e6 3. Nf3 d5 4. g3 dxc4 5. Bg2 Bb4+ 6. Nbd2 Nbd7 7. a3 Ba5
8. O-O c3 9. Nc4 cxb2 10. Bxb2 c6 11. Nd6+ Ke7 12. Ne5 Nxe5 13. dxe5 Nd7
14. Qd4 Kf8 15. Rfd1 Bb6 16. Qd3 Nc5 17. Qf3 Qe7 18. a4 Na6 19. Ne4 Ba5 20.
Rab1 Bb4 21. Qd3 g6 22. Qf3 Bd7 23. Bc1 h6 24. Nf6 Be8 25. h4 Kg7 26. Qf4
Rd8 27. Rxd8 Qxd8 28. Nxe8+ Qxe8 29. Rxb4 Nxb4 30. Qxb4 Qd7 31. Be3 b6 32.
Qf4 c5 33. Qf6+ Kg8 34. Be4 h5 35. Bxg6 fxg6 36. Qxg6+ Qg7 37. Qe8+ Qf8 38.
Qg6+ Qg7 39. Qe8+ Qf8 40. Qg6+ 1/2-1/2

[Event "Bunratty Masters 2019"]
[Site "Bunratty IRL"]
[Date "2019.02.24"]
[Round "5.6"]
[White "Howell, David"]
[Black "Li, Henry"]
[Result "1-0"]
[WhiteTitle "GM"]
[BlackTitle "FM"]
[WhiteElo "2689"]
[BlackElo "2287"]
[BlackICU "2232"]
[WhiteClub "Cheddleton ENG"]
[BlackClub "Gonzaga"]
[WhiteNationality "ENG"]
[BlackNationality "IRL"]
[WhiteFideId "410608"]
[BlackFideId "2508524"]
[PlyCount "71"]
[EventDate "2019.02.22"]
[Source "Live boards / tournament organizers"]
[ICUid "48725"]

{ Annotator: "TA", <a
href="https://en.chessbase.com/post/bunratty-chess-festival-2019">ChessBase.com</a>,
February 26, 2019. } { Event information: <a
href="https://www.irlchess.com/bunratty2019_allfiles/pairings_bunratty2019.html">Tournament
report</a>. }

1. e3 Nf6 2. Nf3 g6 3. b3 Bg7 4. Bb2 O-O 5. d4 c5 6. dxc5 Qa5+ 7. c3 Nc6 8.
b4 Qc7 9. Be2 Rd8 10. O-O d6 11. cxd6 Rxd6 12. Qb3 Be6 13. c4 h6 14. Na3 a6
15. Bc3 b5 16. Qb2 bxc4 17. Nxc4 Rdd8 18. Rac1 Qb7 19. Nd4 Bxc4 20. Bxc4
Ne5 21. Be2 Ne4 22. Qa3 Rdb8 23. Be1 e6 24. f4 Nd7 25. Nc6 Re8 26. Bf3 f5
27. Bxe4 fxe4 28. Bc3 e5 29. Qb3+ Kh8 30. Nxe5 Nxe5 31. Bxe5 Bxe5 32. fxe5
Qe7 33. Rf7 Qxe5 34. Rcc7 Re6 35. Rc5 Qa1+ 36. Rf1 1-0